00697nam a2200241 a 4500001001300000003000900013005001700022008004100039020002300080082001800103100001700121245003400138260003700172300000900209500003500218505001000253650001200263700001700275902000800292942000700300952013100307999001700438nice12345678IN_TiNIC20260116014529.0110309s2011 newa grp 000 0 eng  a9788124605660c29500a294.5921bSUB aSubramony, R aParamahamsab A Vedantic Tale aNew Delhi bDk Printworld c2011 a202p aincludes index and biblioraphy2 aIndex aVedanta1 aSubramony, R bSRS cBK 001040708StackRoom-aHMIbHMId2011-03-09g295.00l1o294.5921 SUBp023561r2023-10-24s2023-08-14v295.00w2011-03-09yBK c15806d15806